000 00395nam a2200145Ia 4500
008 231129s1992||||xx |||||||||||||| ||spa||
020 _a958-95461-2-9
040 _bspa
082 _aCo861 M337j
100 _aMarin Alvaro
245 0 _aJinete de sombras
260 _c1992
264 _aEdiciones Casa de Poesia Fernando Mejia Mejia
942 _2ddc
_cBKS
999 _c16104
_d16104